000 01073nam a22002177a 4500
003 OSt
005 20250227113124.0
008 230929s2017 ag ||||| |||| 00| 0 spa d
020 _a9789873615306
040 _cbesoc
245 1 0 _aConstrucción de ciudadanía I :
_bambiente, salud y recreación con practicas políticas inclusivas /
_cTeresa Eggers ... [et al.]
260 _aBuenos Aires :
_bMaipue,
_c2016
300 _a136 p.
505 1 _aCap. 1. Elaboración de proyectos. Ser ciudadano -- Cap. 2. Estado y política. ¿Qué significa ser ciudadanos? -- Cap. 3. Ambiente. ¿Qué es el ambiente? --Cap. 4. Salud, alimentación y drogas -- Cap. 5. Comienza el juego: pensar la ciudadanía desde el deporte y la creación. Pitazo inicial... -- Anexo: Constitución de la Provincia de Buenos Aires -- Bibliografía.-
650 4 _aEstado
_xGobierno
_xParticipación
_xAmbiente
_xTerritorio
700 1 _aEggers-Brass, Teresa
_eautor
700 1 _aTorre, Gustavo H.
_eautor
700 1 _aAlonso, Pablo J.
_dautor
700 1 _aCarabetta, Silvia M.
_eautor
942 _2udc
_cLPD
_n0
999 _c91
_d91